Ecology of marine sediments: from science to management
Guardat en:
| Autors principals: | , |
|---|---|
| Format: | Llibre |
| Idioma: | anglès |
| Publicat: |
Oxford
Oxford University Press
2009
|
| Edició: | 2a. ed |
| Col·lecció: | Oxford Biology
|
| Matèries: | |
| Etiquetes: |
Afegir etiqueta
Sense etiquetes, Sigues el primer a etiquetar aquest registre!
|
MARC
| LEADER | 00000cam a2200000 a 4500 | ||
|---|---|---|---|
| 001 | UCF2641 | ||
| 003 | CL-VaPUC | ||
| 008 | 120830e20090000UK |||||||||||||||||eng|d | ||
| 020 | |a 9780198569015 | ||
| 082 | 0 | 4 | |a 551.46 |b GRA |2 21 |
| 100 | 0 | |a Gray, John S |e author |9 564367 | |
| 700 | 0 | |a Elliot, Michael |e author |9 564368 | |
| 245 | 1 | 0 | |a Ecology of marine sediments: from science to management |
| 250 | |a 2a. ed | ||
| 300 | |a 225 p | ||
| 942 | |c BK | ||
| 945 | |d 20120830 00:00:00 |a dcastane | ||
| 260 | |a Oxford |b Oxford University Press |c 2009 | ||
| 650 | 0 | |a Ecología marina |9 259946 | |
| 650 | 0 | |a Sedimentos marinos |9 260001 | |
| 650 | 7 | |a SEDIMENTOS OCEANICOS |2 CL-VaPUC |9 463386 | |
| 583 | |a last modification |c 20120830 10:25:00 |k Rodrigo Vera | ||
| 490 | 0 | |a Oxford Biology | |
| 999 | |c 349182 |d 349180 | ||
| 952 | |0 0 |1 0 |4 0 |6 551_460000000000000_GRA_2009 |7 0 |8 CCM |9 451669 |a BIBCUR |b BIBCUR |d 2019-11-22 |i 4896920 |l 4 |o 551.46 GRA 2009 |p 4896920 |r 2025-04-22 |s 2025-03-14 |w 2019-11-22 |y BK |k CIM | ||
| 952 | |0 0 |1 0 |4 0 |6 551_460000000000000_GRA_2009 |7 0 |8 CCM |9 451670 |a BIBCUR |b BIBCUR |d 2019-11-22 |i 4896939 |o 551.46 GRA 2009 |p 4896939 |r 2025-04-22 |w 2019-11-22 |y BK |k CIM | ||